Statistiques concernant Plus Grandes Villes Zambie

Cliquez ici pour prendre le quiz!

Statistiques générales

  • Ce quiz a été pris 9 fois
  • Le résultat moyen est 6 sur 17

Statistiques - réponses

PopulationRéponse% Correct
1,747,152Lusaka
100%
109,203Livingstone
67%
494,518Ndola
67%
202,360Kabwe
56%
500,914Kitwe
56%
85,963Chipata
44%
52,534Mongu
44%
185,246Chingola
33%
47,554Kafue
33%
91,056Kasama
33%
46,746Choma
22%
64,006Mazabuka
22%
120,500Mufulira
22%
66,575Kalulushi
11%
113,365Luanshya
11%
42,277Mansa
11%
57,328Chililabombwe
0%

Distribution des résultats

Percentile par nombre de réponses

% des personnes avec chaque résultat

Votre développement - résultats

Vous n’avez pas pris ce quiz